Famous Toms Quiz Stats

 Plays Quiz Updated Jul 5, 2014

Support Sporcle.
Go Orange.
Score 0/15 Timer 05:00
0 Plays Today
Clue Name % Correct
This 'Top Gun' has an affinity for jumping on Oprah's furniture.Tom Cruise
95.3%
A 'Bosom Buddy' before making a 'Splash' on the 'Big' screenTom Hanks
88.6%
Hits include 'What's New Pussycat?' and 'It's Not Unusual'Tom Jones
88.2%
After an injury to Drew Bledsoe, this Tom was thrown into the starting lineup and never looked back.Tom Brady
73.7%
Politician, writer, and among other things the architect of the University of Virginia Rotunda.Thomas Jefferson
73.6%
His trademark character was known for his thick mustache, Detroit Tigers ball cap and a red Ferrari.Tom Selleck
69.3%
This author of 'The Greatest Generation' is best known for his role on NBC Nightly News.Tom Brokaw
66.2%
Famously known as 'The Wizard of Menlo Park'Thomas Edison
65.8%
Clue Name % Correct
A big member of the 80's rock community, this drummer made a huge name for himself during the 90's after an unauthorized videotape surfaced on the internet.Tommy Lee
61.9%
Not lacking 'Common Sense', this Tom is known as a 'Father of the American Revolution'.Thomas Paine
61.1%
This Hawkeye funny man is well known for his role as Arnold's side kick in 'True Lies'.Tom Arnold
55.9%
Sometimes known as 'Tom Terrific', this Tom's powerful right arm earned him a place in Cooperstown.Tom Seaver
38.1%
Best known for his 1982 hit 'She Blinded Me with Science'Thomas Dolby
32.6%
One of Hollywood's first western megastars, this Tom mixed it up with a combination of silent films and 'talkies'.Tom Mix
31.3%
Born without toes on his kicking foot, this former Saint held the NFL record for the longest field goal made for over 35 years.Tom Dempsey
23.6%

You're not logged in!

Compare scores with friends on all Sporcle quizzes.
OR
Log In

From the Vault

Bible Books: One Letter Off

by El_Dandy

Some of these new book names sound like they'd be pretty interesting reads.
Remove Ads.
Support Sporcle.
Get the best of Sporcle when you Go Orange. This ad-free experience offers more features, more stats, and more fun while also helping to support Sporcle. Thank you for becoming a member.

Show Comments

Extras

Top Quizzes Today


Score Distribution

Your Account Isn't Verified!

In order to create a playlist on Sporcle, you need to verify the email address you used during registration. Go to your Sporcle Settings to finish the process.

Report this User

Report this user for behavior that violates our Community Guidelines.

Details: